000 00610nam a2200169 i 4500
001 24666
003 ES-MaACL
005 20230906153108.0
007 t|
008 021218s1957 sp ||||1| spa d
245 0 0 _aFloresta literaria de la América indígena
_b: antología de la literatura de los pueblos indígenas de América /
_cJosé Alcina Franch.
260 _aMadrid :
_bAguilar,
_c[1957] (
_fMontaña)
300 _a427 p. ;
_c20 cm.
700 1 _aAlcina Franch, José.
_919548
740 0 _aAntología de la literatura de los pueblos indígenas de América.
852 _aES-MaACL
_jC-13561
_bR.41229
999 _c24666
_d24666